000 00372 a2200145 4500
005 20260216155849.0
008 260212b |||||||| |||| 00| 0 eng d
020 _a9781419707742
082 _a720.28/RIN
100 _aRinzler
_9216727
245 _aStar Wars Story boards: The original Trilogy
260 _bAbrams
_c2014
_aNew York
300 _a350p
_bHB
942 _cBK
999 _c370428
_d370428